000 00606nam a2200229Ia 4500
003 OSt
005 20221007074846.0
006 a|||||r|||| 00| 0
007 ta
008 221006b |||||||| |||| 00| 0 eng d
024 _a13,157
037 _cTextual
040 _aFLL
_cFLL
_beng
041 _2eng
_aeng
082 _aV73,1:91.N7, L9
100 _aHess Stephen
_9405582
245 0 _aPresidential campaign
260 _aNew Delhi
_bAmbika Publications India
_c1979
300 _a123p
_ccm.
942 _hV73,1:91.N7, L9
_cTEXL
_2CC
999 _c1153935
_d1153935